Ťavie oblaky

Bibliographic Details
Main Author: Steen, Thorvald, 1954- (Author)
Other Authors: Cihová, Jarmila, 1957- (Translator)
Format: Book
Language:Slovak
Norwegian
PhysicalDescription:150 s. 21 cm
Published: Dunajská Lužná MilaniuM 2006
ISBN:8089178170
Edition:1. vydanie
Series:Severské osobnosti
Subjects:

MARC

LEADER 00000cam a2200000 a 4500
001 vtls010005588
003 SK-MaSNL
005 20260301083327.0
008 180730s2006 xo gr 000 f slo
015 |a SNBA2006/07 
020 |a 8089178170  |q (viaz.) 
040 |a SNK  |b slo  |c SNK  |e AACR2 
041 1 |a slo  |h nor 
044 |a xo  |c SK 
072 7 |a 821.11  |x Germánske literatúry  |2 konspekt 
080 |a 821.113.5-31  |2 2011 
080 |a 821-311.6  |2 2011 
100 1 |a Steen, Thorvald,  |d 1954-  |4 aut  |9 410022 
240 1 0 |a Kamelskyer  |l Slovensky 
245 1 0 |a Ťavie oblaky  |c Thorvald Steen ; preložila Jarmila Cihová 
250 |a 1. vydanie 
260 |a Dunajská Lužná  |b MilaniuM  |c 2006 
300 |a 150 s.  |c 21 cm 
336 |a text  |b txt  |2 rdacontent 
490 1 |a Severské osobnosti 
655 7 |a nórske romány  |2 SNKPH  |9 1565 
655 7 |a historické romány  |2 SNKPH  |9 70253 
655 7 |a Historical novels  |2 SNKPHeng  |9 276887 
655 7 |a Norwegian fiction  |2 SNKPHeng  |9 313485 
700 1 |a Cihová, Jarmila,  |d 1957-  |4 trl  |9 98104 
830 0 |a Severské osobnosti  |9 381081 
852 |a Slovenská národná knižnica 
919 |a 80-89178-17-0 
954 |a beletria cudzojazyčná (svetová)  |2 lita 
958 |a LX 
958 |a UP 
999 |c 660269  |d 662199 
952 |a SNK  |b SNK  |y PREZ  |7 0  |p 17A1531352  |o snkSC 205294  |i snk2024/2297  |8 7  |0 0  |1 0  |4 0  |d 2024-02-12  |l 0  |r 2025-10-28 00:00:00  |w 2026-02-23